000 00798cam a2200133 4500500
005 20250921011900.0
041 _afre
042 _adc
100 1 0 _aSale, Charles
_eauthor
245 0 0 _aCalixthe Beyala : Analyse sémiotique de "Tu t'appelleras Tanga"
260 _bL'Harmattan,
_c2005.
520 _aCharles Salé procède à l'autopsie des structures narratives de l'oeuvre et du sens qui découle de l'architecture formelle du roman. Il opte pour le décodage des aspects de l'écriture de Beyala qui est essentiellement dissidente et iconoclaste. Avec une indéniable rigueur scientifique, il dévoile le parti-pris contestataire de l'oeuvre sur les normes du roman classique.
856 4 1 _uhttps://shs.cairn.info/Calixthe-Beyala--9782747597166?lang=fr&redirect-ssocas=7080
999 _c1509456
_d1509456